|
|
|
|
| LEADER |
00000nam0a2200000 4500 |
| 001 |
230683 |
| 005 |
20231101231024.0 |
| 035 |
|
|
|a (RuTPU)RU\TPU\book\251598
|
| 090 |
|
|
|a 230683
|
| 100 |
|
|
|a 20130124d1958 k y0rusy50 ca
|
| 101 |
0 |
|
|a rus
|
| 102 |
|
|
|a RU
|
| 105 |
|
|
|a a z 001zy
|
| 200 |
1 |
|
|a К вопросу о возрасте и стратиграфии отложений района оз. Игеркуль
|e [отдельный оттиск]
|f В. (Э.) Д. Томашпольская
|
| 210 |
|
|
|a Томск
|c Изд-во Томского ун-та
|d 1958
|
| 215 |
|
|
|a C. 23-30
|c ил.
|
| 225 |
1 |
|
|a Известия Томского Политехнического Института
|v Т. 90
|
| 300 |
|
|
|a Представлено профессором доктором К. В. Радугиным
|
| 316 |
|
|
|5 63413507: КР-412
|a С автографом автора
|
| 316 |
|
|
|5 63413507: ШкА2/495
|a На обложке нечитаемая надпись
|
| 317 |
|
|
|5 63413507: КР-412
|a Поступил в НТБ в 2004 г. в составе книжного собрания профессора ТПИ К. В. Радугина
|
| 317 |
|
|
|5 63413507: КР-7134
|a Поступил в НТБ в 2004 г. в составе книжного собрания кафедры общей геологии
|
| 320 |
|
|
|a Библиогр.: с. 29-30
|
| 606 |
1 |
|
|a Стратиграфия
|y Хакасия
|2 stltpush
|3 (RuTPU)RU\TPU\subj\72152
|9 85728
|
| 610 |
1 |
|
|a кембрийские отложения
|
| 610 |
1 |
|
|a трилобиты
|
| 610 |
1 |
|
|a известняки
|
| 610 |
1 |
|
|a фауна
|
| 610 |
1 |
|
|a геологическая съемка
|
| 610 |
1 |
|
|a горные породы
|
| 610 |
1 |
|
|a дарственная надпись
|
| 610 |
1 |
|
|a дары автора
|
| 610 |
1 |
|
|a библиотека К. В. Радугина
|
| 610 |
1 |
|
|a коллекция ТПУ
|
| 610 |
1 |
|
|a труды учёных ТПУ
|
| 610 |
1 |
|
|a оттиски
|
| 610 |
1 |
|
|a Коллекция кафедры общей геологии
|
| 610 |
1 |
|
|a дары библиотеке
|
| 675 |
|
|
|a 551.7(571)
|v 3
|
| 700 |
|
1 |
|a Томашпольская
|b В. (Э.) Д.
|c российский геолог
|c доцент Томского политехнического института
|f 1908-1982
|g Велина (Эвелина) Даниловна
|2 stltpush
|3 (RuTPU)RU\TPU\pers\13889
|
| 712 |
0 |
2 |
|a Томский политехнический институт (ТПИ)
|c (1944-1991)
|2 stltpush
|3 (RuTPU)RU\TPU\col\1123
|
| 801 |
|
1 |
|a RU
|b 63413507
|c 20130124
|
| 801 |
|
2 |
|a RU
|b 63413507
|c 20220413
|g RCR
|
| 942 |
|
|
|c BK
|